International Migration in Europe (Record no. 63400)

MARC details
000 -LEADER
fixed length control field 01503nam a2200241Ii 4500
008 - FIXED-LENGTH DATA ELEMENTS--GENERAL INFORMATION
fixed length control field 221202s xx 000 0 und d
245 #0 - TITLE STATEMENT
Title International Migration in Europe
246 ## - VARYING FORM OF TITLE
Title proper/short title New Trends and New Methods of Analysis
264 ## - PRODUCTION, PUBLICATION, DISTRIBUTION, MANUFACTURE, AND COPYRIGHT NOTICE
Name of producer, publisher, distributor, manufacturer Amsterdam University Press
Date of production, publication, distribution, manufacture, or copyright notice 2008
300 ## - PHYSICAL DESCRIPTION
Extent 1 online resource (344 pages)
336 ## - CONTENT TYPE
Content type term text
Content type code txt
Source rdacontent
337 ## - MEDIA TYPE
Media type term computer
Media type code c
Source rdamedia
338 ## - CARRIER TYPE
Carrier type term online resource
Carrier type code cr
Source rdacarrier
520 ## - SUMMARY, ETC.
Summary, etc. Over the past twenty years international migration issues have gained a growing importance in public debate in most of the European countries. Public opinions are more and more concerned about the arrival of new immigrants and about the problems of integration processes. International Migration in Europe addresses some of the new aspects of European international migration. Different aspects are considered and different disciplinary perspectives are used in the fifteen chapters. In particular, attention has been devoted to analyse new forms of migration, the evolution of regional patterns, the intergenerational process of migrant integration and the use of special survey in migration studies.
653 ## - INDEX TERM--UNCONTROLLED
Uncontrolled term Popular Science
653 ## - INDEX TERM--UNCONTROLLED
Uncontrolled term Wetenschap Algemeen
700 1# - ADDED ENTRY--PERSONAL NAME
Personal name Bonifazi, Corrado
700 1# - ADDED ENTRY--PERSONAL NAME
Personal name Okólski, Marek
700 1# - ADDED ENTRY--PERSONAL NAME
Personal name Schoorl, Jeannette
700 1# - ADDED ENTRY--PERSONAL NAME
Personal name Simon, Patrick
856 ## - ELECTRONIC LOCATION AND ACCESS
Uniform Resource Identifier <a href="https://library.oapen.org/bitstream/20.500.12657/35242/1/340088.pdfhttp://library.oapen.org/handle/20.500.12657/35242">https://library.oapen.org/bitstream/20.500.12657/35242/1/340088.pdfhttp://library.oapen.org/handle/20.500.12657/35242</a>
942 ## - ADDED ENTRY ELEMENTS (KOHA)
Koha item type E-Book
Holdings
Withdrawn status Damaged status Not for loan Home library Current library Date acquired Total Checkouts Date last seen Price effective from Koha item type
      Directory of Open Access Books Directory of Open Access Books 11/28/2022   11/28/2022 11/28/2022 E-Book

University of Rizal System
Email us at univlibservices@urs.edu.ph

Visit our Website www.urs.edu.ph/library